Science Quiz

Random Science or Elements Quiz

Make The Periodic Table - No Skips Quiz Stats

 Plays Quiz not verified by Sporcle

Support Sporcle.
Go Orange.
Score 0/117 Timer 20:00
0 Plays Today
% Correct
???
81.3%
???
80.4%
???
80.1%
???
80.1%
???
79.1%
???
78.8%
???
78.5%
???
78.2%
???
78.2%
???
78.2%
???
78.2%
???
77.2%
???
77.2%
???
77.2%
???
77.2%
???
76.9%
???
76.9%
???
76.6%
???
76.6%
???
76.3%
???
76.3%
???
76.3%
???
76.3%
???
76.3%
???
75.9%
???
75.9%
???
75.9%
???
75.9%
???
75.9%
???
75.9%
???
75.9%
???
75.9%
???
75.6%
???
75.6%
???
75.6%
???
75.6%
???
75.6%
???
75.3%
???
75.3%
% Correct
???
75.3%
???
75.3%
???
75.3%
???
75.3%
???
75%
???
75%
???
75%
???
75%
???
75%
???
75%
???
74.7%
???
74.7%
???
74.7%
???
74.4%
???
74.4%
???
74.4%
???
74.1%
???
74.1%
???
74.1%
???
74.1%
???
74.1%
???
74.1%
???
74.1%
???
74.1%
???
74.1%
???
73.7%
???
73.7%
???
73.7%
???
73.7%
???
73.7%
???
73.7%
???
73.4%
???
73.4%
???
73.4%
???
73.4%
???
73.4%
???
73.1%
???
73.1%
???
73.1%
% Correct
???
73.1%
???
73.1%
???
72.8%
???
72.8%
???
72.8%
???
72.8%
???
72.8%
???
72.8%
???
72.5%
???
72.5%
???
72.5%
???
72.5%
???
72.5%
???
72.5%
???
72.5%
???
72.2%
???
72.2%
???
72.2%
???
72.2%
???
72.2%
???
72.2%
???
71.8%
???
71.8%
???
71.8%
???
71.8%
???
71.8%
???
71.5%
???
71.5%
???
71.5%
???
71.5%
???
71.5%
???
71.5%
???
70.9%
???
70.9%
???
70.9%
???
70.6%
???
70.6%
???
70.3%
???
70.3%

You're not logged in!

Compare scores with friends on all Sporcle quizzes.
OR
Log In

From the Vault

Language by Map

by the_underground

Official languages mapped here.
Remove Ads.
Support Sporcle.
Get the best of Sporcle when you Go Orange. This ad-free experience offers more features, more stats, and more fun while also helping to support Sporcle. Thank you for becoming a member.

Show Comments

Extras

Top Quizzes Today


Score Distribution

Your Account Isn't Verified!

In order to create a playlist on Sporcle, you need to verify the email address you used during registration. Go to your Sporcle Settings to finish the process.

Report this User

Report this user for behavior that violates our Community Guidelines.

Details: